Managerial Economics : Theory, Applications, and Cases (Record no. 3121)

MARC details
005 - DATE AND TIME OF LATEST TRANSACTION
control field 20250603173512.0
020 ## - INTERNATIONAL STANDARD BOOK NUMBER
International Standard Book Number 0-393-97677-7
082 ## - DEWEY DECIMAL CLASSIFICATION NUMBER
Classification number T E A LECT 330.024 MAN
100 ## - MAIN ENTRY--PERSONAL NAME
Author name MANSFIELD, E .
245 ## - TITLE STATEMENT
Title Managerial Economics : Theory, Applications, and Cases
250 ## - EDITION STATEMENT
Edition statement 5th Ed.
260 ## - PUBLICATION, DISTRIBUTION, ETC.
Place of publication, distribution, etc. New York,
Name of publisher, distributor, etc. w.w. Norton& Company,
Date of publication, distribution, etc. 2002.
300 ## - PHYSICAL DESCRIPTION
Extent xxiii, 805p.: ill.; figure, picture, table,
Other physical details index,
Dimensions 24cm.
700 ## - ADDED ENTRY--PERSONAL NAME
Other authors/Editors ALLEN, W .B . {et all...}
942 ## - ADDED ENTRY ELEMENTS (KOHA)
Source of classification or shelving scheme Dewey Decimal Classification
Koha item type Books
Holdings
Date last seen Total checkouts Full call number Barcode Cost, replacement price Price effective from Koha item type Lost status Source of classification or shelving scheme Damaged status Not for loan Withdrawn status Home library Current library Shelving location Date acquired Cost, normal purchase price
06/27/2025   658MAN DOM0001320 121413.00 06/27/2025 Books   Dewey Decimal Classification       CBE Dodoma CBE Dodoma General Collection 04/22/2005 40471.00
06/28/2025   330 MAN DOM0003147 121413.00 06/28/2025 Books   Dewey Decimal Classification       CBE Dodoma CBE Dodoma General Collection 04/22/2005 40471.00
06/03/2025   T E A LECT 330.024 MAN 00000010969 121413.00 06/03/2025 Books   Dewey Decimal Classification       College of Business Education Main Library College of Business Education Main Library General Collection 04/22/2005 40471.00
06/03/2025   T E A LECT 330.024 MAN 00000010970 121413.00 06/03/2025 Books   Dewey Decimal Classification       College of Business Education Main Library College of Business Education Main Library General Collection 04/22/2005 40471.00
06/03/2025   T E A LECT 330.024 MAN 00000010971 121413.00 06/03/2025 Books   Dewey Decimal Classification       College of Business Education Main Library College of Business Education Main Library General Collection 04/22/2005 40471.00